Judios españoles en la edad media / (Record n. 5468)

Dettagli MARC
000 -LEADER
fixed length control field 00743nam a2200241 i 4500
003 - CONTROL NUMBER IDENTIFIER
control field IT-RoINE
005 - DATE AND TIME OF LATEST TRANSACTION
control field 20200323072456.0
008 - FIXED-LENGTH DATA ELEMENTS--GENERAL INFORMATION
fixed length control field 800926s1980 sp r d r d |0| |
020 ## - INTERNATIONAL STANDARD BOOK NUMBER
International Standard Book Number 8432120103
040 ## - CATALOGING SOURCE
Original cataloging agency IBH
Transcribing agency IT-RoINE
Modifying agency IT-RoINE
100 1# - MAIN ENTRY--PERSONAL NAME
9 (RLIN) 5789
Personal name Suárez Fernández, Luis,
Dates associated with a name 1924-
245 10 - TITLE STATEMENT
Title Judios españoles en la edad media /
Statement of responsibility, etc Luis Suárez Fernández.
260 ## - PUBLICATION, DISTRIBUTION, ETC. (IMPRINT)
Place of publication, distribution, etc Madrid :
Name of publisher, distributor, etc Rialp,
Date of publication, distribution, etc 1980.
300 ## - PHYSICAL DESCRIPTION
Extent 286 p. ;
Dimensions 20 cm.
336 ## - CONTENT TYPE
Source rdacontent
Content type term text
337 ## - MEDIA TYPE
Source rdamedia
Media type term unmediated
338 ## - CARRIER TYPE
Source rdacarrier
Carrier type term volume
490 1# - SERIES STATEMENT
Series statement Libros de historia ;
Volume number/sequential designation 2
504 ## - BIBLIOGRAPHY, ETC. NOTE
Bibliography, etc Bibliografía: p. 277-286.
650 #4 - SUBJECT ADDED ENTRY--TOPICAL TERM
9 (RLIN) 11639
Topical term or geographic name as entry element Judíos
Geographic subdivision España
Chronological subdivision Siglos 5o.-15o.
830 #0 - SERIES ADDED ENTRY--UNIFORM TITLE
9 (RLIN) 11052
Uniform title Libros de historia (Rialp) ;
Volume number/sequential designation 2
942 ## - ADDED ENTRY ELEMENTS (KOHA)
Item type Monografías
Dati di copia
Withdrawn status Lost status Damaged status Not for loan Home library Current library Date acquired Total Checkouts Full call number Barcode Date last seen Price effective from Koha item type
        Iglesia Nacional Española en Roma Iglesia Nacional Española en Roma 11/09/2014   HIS.ESP.2. 233 6663 11/09/2014 11/09/2014 Monografías